| 000 | 01664cad a22002295a 4500 | ||
|---|---|---|---|
| 001 | E147439 | ||
| 008 | 090512s2008 xxk f 000 0 eng d | ||
| 035 | _a(Sirsi) u147439 | ||
| 041 | 0 | _aeng | |
| 050 | 0 | 4 | _a690.241 $2 18 |
| 110 | 2 |
_aECOTEC Research and Consulting Ltd _95619 |
|
| 245 | 0 | 0 |
_aEconomic impact of the historic environment in Scotland _ba final report by ECOTEC for the Historic Environment Advisory Council for Scotland _h[electronic resource] |
| 260 |
_aBirmingham _bECOTEC _c2008 |
||
| 505 | 2 | _aExecutive summary -- Introduction -- Scotland's historic environment: definition and scope -- Importance of the historic environment -- Survey of Scotland's historic environment sector -- Economic impact of Scotland's historic environment -- Strategic findings and conclusions -- Annexes | |
| 520 | _aReports on the results of a study carried out on behalf of the Historic Environment Advisory Council for Scotland to examine the contribution which Scotland's historic environment makes to the country's economy. Finds that the historic environment makes a significant contribution, directly employing around 41 000 FTE employees and indirectly supporting around 20 000 more. Estimates that the historic environment sector contributes over £2.3bn to Scotland's national gross value added (GVA), which represents around £4.5bn in terms of output. | ||
| 521 | _aAdvanced | ||
| 590 | _aKA | ||
| 651 | 4 |
_aScotland _y1999- |
|
| 690 | _aBUILT ENVIRONMENT-BUILDING TYPES-ANCIENT MONUMENTS AND HISTORIC BUILDINGS | ||
| 856 | 4 | 0 |
_uhttps://www.heacs.org.uk/documents/2009/ecotec.pdf _zView the report free of charge at www.heacs.org.uk... |
| 942 | _n0 | ||
| 999 |
_c109554 _d109554 |
||